Environmental and social value of agriculture innovation

Fázy procesu hodnotenia inovácie. Aplikácia hodnotenia inovácie v podniku Bumblebee Nest v ČR.

Salvato in:
Dettagli Bibliografici
Autore principale: Kubankova, Marie
Altri autori: Hájek, Miroslav, Votavová, Alena
Natura: Capitolo di libro
Lingua:inglese
Soggetti:
Tags: Aggiungi Tag
Nessun Tag, puoi essere il primo ad aggiungerne!!

MARC

LEADER 00000naa a2200000 4500
001 0216055
005 20221019173936.9
041 0 |a eng 
044 |a CZ 
245 1 0 |a Environmental and social value of agriculture innovation  |c Marie Kubankova, Miroslav Hájek, Alena Votavová 
520 |a Fázy procesu hodnotenia inovácie. Aplikácia hodnotenia inovácie v podniku Bumblebee Nest v ČR. 
610 2 0 |a inovácie environmentálne 
610 2 0 |a výkonnosť inovačná 
610 2 0 |a výskum 
610 2 0 |a vývoj 
610 2 0 |a rozvoj trvalo udržateľný 
100 1 |a Kubankova, Marie 
700 1 |a Hájek, Miroslav 
700 1 |a Votavová, Alena